000 01138cam a2200217 i 4500
005 20251119120456.0
008 250721s1993 jo gr 000 0 ara d
082 1 4 _aم/213/مقر
_bم ق ر
100 1 _aالمقريزي، تقي الدين أبو العباس أحمد
_eالمؤلف.
_dالمتوفي سنة 294ه،
245 1 0 _aمختصر قيام الليل للشيخ أبي عبد الله المروزي /
_cلشيخ الاسلام تقي الدين أبو العباس أحمد المقريزي ؛ اختصره احمد بن علي المقريزي ؛ خرج احديثه و علق عليه ابراهيم محمد العلي، محمد عبدالله ابو صعليك.
264 3 1 _aالزرقاء :
_bمكتبة المنار،
_c1993.
300 _a363 صفحة.
650 1 7 _aالإسلام.
650 1 7 _aالحديث الشريف.
650 1 7 _aالصلاه.
700 1 _aالعلي، إبراهيم محمد
_eمعلق.
700 1 _aالمقريزي، احمد بن علي
_eمختصر.
700 1 _aأبو صعليك، محمد عبد الله
_eمعلق.
942 _2ddc
_cREF
999 _c26638
_d26638